00530 2200205 4500001002100000008004100021035002000062245003500082100001800117260004100135300001200176020002200188084001400210082000800224650001000232990001900242990002100261990002100282990002100303INLIS000000000003689 Ind  a0010-0625000034 aBunga MataharicAyu Prameswary aAnjani, Zalfa aJakartabEsensi Erlangga Groupc2024 a272 hlm a978-623-7478-78-2 a813 ZAL B a813 afiksi aP29/CP/25/0034 aP29/CP/25/0034.2 aP29/CP/25/0034.3 aP29/CP/25/0034.4